| 000 | 00986nam a2200301 a 4500 | ||
|---|---|---|---|
| 001 | 3068735 | ||
| 003 | OSt | ||
| 005 | 20230622153548.0 | ||
| 008 | 961114s1996 ke b 000 0 eng | ||
| 010 | _a 96981067 | ||
| 020 | _a9966900659 | ||
| 040 |
_aDLC _cDLC |
||
| 042 | _alcode | ||
| 043 | _af-rh--- | ||
| 050 | 0 | 0 |
_aHG3883.Z55 _bD48 1996 |
| 082 |
_a330 _bDHL |
||
| 100 | 1 | _aDhliwayo, Rogers. | |
| 245 | 1 | 4 |
_aThe balance of payments as a monetary phenomenon : _ban econometric study of Zimbabwe's experience / _cRogers Dhliwayo. |
| 260 |
_aNairobi : _bAfrican Economic Research Consortium, _cc1996. |
||
| 300 |
_a24 p. ; _c25 cm. |
||
| 440 | 0 |
_aAERC research paper ; _v46 |
|
| 500 | _a"March, 1996." | ||
| 504 | _aIncludes bibliographical references (p. [22]-24). | ||
| 650 | 0 |
_aBalance of payments _zZimbabwe. |
|
| 906 |
_a7 _bcbc _corigode _d3 _encip _f19 _gy-gencatlg |
||
| 942 |
_2ddc _cBK |
||
| 999 |
_c2367 _d2367 |
||